000 00395nam a2200157Ia 4500
008 231217s9999 xx 000 0 und d
041 _aEnglish
082 _a001.6424JAV FLA1 `R'
100 _aFlanagan, David
245 0 _aJava in a nutshell: A desktop quick reference
250 _a2nd ed.
260 _c1998
_bOreilly,Cambridge
300 _axvi+610
650 _aJava
942 _cAA
999 _c166869
_d166869